Being a researcher / (Record no. 94042)

MARC details
000 -LEADER
fixed length control field 00616nam a22002177a 4500
003 - CONTROL NUMBER IDENTIFIER
control field OSt
005 - DATE AND TIME OF LATEST TRANSACTION
control field 20260327140933.0
008 - FIXED-LENGTH DATA ELEMENTS--GENERAL INFORMATION
fixed length control field 260327b |||||||| |||| 00| 0 eng d
020 ## - INTERNATIONAL STANDARD BOOK NUMBER
International Standard Book Number 9780335251605
040 ## - CATALOGING SOURCE
Transcribing agency HS LRC
050 ## - LIBRARY OF CONGRESS CALL NUMBER
Classification number Q 180.55.M4
Item number .F939 2025
100 ## - MAIN ENTRY--PERSONAL NAME
Personal name Frost, Nollaig
9 (RLIN) 131528
245 ## - TITLE STATEMENT
Title Being a researcher /
Statement of responsibility, etc. Nollaig Frost
260 ## - PUBLICATION, DISTRIBUTION, ETC. (IMPRINT)
Place of publication, distribution, etc. United Kingdom :
Name of publisher, distributor, etc. Open University Press,
Date of publication, distribution, etc. c2025.
265 ## - SOURCE FOR ACQUISITION/SUBSCRIPTION ADDRESS [OBSOLETE]
Source for acquisition/subscription address CD Books International, Inc.
300 ## - PHYSICAL DESCRIPTION
Extent 212 pages ;
Dimensions 23 cm.
365 ## - TRADE PRICE
Price amount 5,808.00
504 ## - BIBLIOGRAPHY, ETC. NOTE
Bibliography, etc Includes bibliography
650 ## - SUBJECT ADDED ENTRY--TOPICAL TERM
Topical term or geographic name as entry element Research methodology
General subdivision Handbooks, manuals, etc.
9 (RLIN) 131529
942 ## - ADDED ENTRY ELEMENTS (KOHA)
Source of classification or shelving scheme Library of Congress Classification
Koha item type Books
Holdings
Withdrawn status Lost status Source of classification or shelving scheme Damaged status Not for loan Collection code Home library Current library Shelving location Date acquired Source of acquisition Cost, normal purchase price Inventory number Total Checkouts Full call number Barcode Date last seen Copy number Cost, replacement price Price effective from Koha item type
    Library of Congress Classification     Circulation DLSU-D HS Learning Resource Center DLSU-D HS Learning Resource Center Circulation 06/24/2025 HS LRC SY 2024-2025 5808.00 CIR-002862   Q 180.55.M4 .F939 2025 3HS00000002862 03/27/2026 002862 5808.00 03/27/2026 Books